000
00206 a2200097 4500
001
46676
100
_a
Vigor P.H
245
_a
Soviet blitzkrieg theory
260
_a
_b
Macmillan
_c
090
_c
29775
_d
29775
942
_a
NUST-CAE
_c
M
_c
21974
999
_c
281749
_d
281749